Statistics for Children of British Monarchs #5 - York

Click here to take the quiz!

General Stats

  • This quiz has been taken 406 times
  • The average score is 9 of 11

Answer Stats

HintAnswer% Correct
Richard III11Edward of Middleham, Prince of Wales
97%
Edward IV44Edward V
97%
Edward IV11Elizabeth of York
95%
Edward IV66Richard of Shrewsbury, Duke of York
94%
Edward IV22Mary of York
83%
Edward IV99Catherine of York
81%
Edward IV77Anne of York
75%
Edward IV55Margaret of York
70%
Edward IV88George Plantagenet, 1st Duke of Bedford
68%
Edward IV33Cecily of York, Viscountess Welles
60%
Edward IV1010Bridget of York
46%

Score Distribution

Percentile by Number Answered

Percent of People with Each Score

Your Score History

You have not taken this quiz